00511nam a2200133Ia 4500008004100000100002200041245008800063245004000151260000900191650001300200856007200213999001900285952007300304170221s9999 xx 000 0 und d aLindawati, A.S.L. aBarriers to Women’s Participation in the Accounting Profession in Java, Indonesia cA.S.L. Lindawati and Ciorstan Smark c2015 xBusiness uhttp://ro.uow.edu.au/cgi/viewcontent.cgi?article=1548&context=aabfj c309356d309356 001040aCLbCLd2017-02-21l0r2017-02-21 00:00:00w2017-02-21yFOJ